000 00918nam a2200193Ii 4500
003 JO-AjNU
008 230605s9999||||xx |||||||||||||| ||und||
040 _aJO-AjNU
_bara
_erda
_cJO-AjNU
041 _aara
050 1 4 _aGV310 1983
100 3 _aرئيس المؤتمر علم الدين، محمد اسماعيل؛ نائب رئيس المؤتمر قنديل، ابراهيم حامد؛ مقرر المؤتمر علاوي، محمد حسن ، مقرر المؤتمر فرغلي، محمد مسعد,
_eauthor
_937366
245 0 0 _aالمؤتمر العلمي لبحوث ودراسات التربية البدنية والرياضية
264 3 1 _aالقاهرة: جامعة حلوان، 1983
300 _a244ص
336 _atext
_btxt
_2rdacontent
337 _aunmediated
_bn
_2rdamedia
338 _avolume
_bnc
_2rdacarrier
650 4 _aالتربية البدنية والرياضية- مؤتمرات
_937367
999 _aA15606
_c19174
_d19174